| 000 | 00620nam a22002057a 4500 | ||
|---|---|---|---|
| 005 | 20251108171223.0 | ||
| 008 | 250721s2003 xx 000 0 ara d | ||
| 082 | 1 | 4 | _a371.9/ وقف |
| 100 | 1 | _aالوقفي، راضي | |
| 245 | 1 | 0 | _aصعوبات التعلم النظري و التطبيقي / |
| 264 | 1 |
_aعمان : _bكلية الأميرة ثروت، _c2003. |
|
| 300 | _a574 ص. | ||
| 650 | 1 | 7 | _aصعوبات التعلم |
| 650 | 1 | 7 | _aأساليب التدريس |
| 650 | 1 | 7 | _aالقراءة |
| 650 | 1 | 7 | _aالكتابة |
| 650 | 1 | 7 | _aتدريس الرياضيات |
| 942 |
_2ddc _cBK |
||
| 999 |
_c59675 _d59675 |
||